Statistics for Caribbean Countries Quiz

Click here to take the quiz!

General Stats

  • This quiz has been taken 26 times
  • The average score is 23 of 31

Answer Stats

PopulationCountry% Correct
11,252,999Cuba
100%
10,981,229Haiti
100%
1,357,000Trinidad & Tobago
100%
379,000Bahamas
96%
71,000Dominica
96%
2,729,000Jamaica
96%
283,000Barbados
91%
10,766,998Dominican Republic
91%
104,000Grenada
91%
46,000St. Kitts & Nevis
91%
172,000St. Lucia
91%
110,000St. Vincent & the Grenadines
91%
89,000Antigua & Barbuda
83%
31,000British Virgin Islands(UK)
83%
3,508,000Puerto Rico(US)
83%
105,000U.S. Virgin Islands(US)
83%
14,000Anguilla(UK)
78%
59,000Cayman Islands(UK)
74%
110,000Aruba(Netherlands)
70%
383,000Martinique(France)
70%
405,000Guadeloupe(France)
65%
5,000Monsterrat(UK)
65%
36,000Saint Martin(France)
65%
10,000St. Barthélemy(France)
65%
37,000Turks & Caicos Islands(UK)
65%
157,000Curaçao(Netherlands)
57%
26,000Caribbean Netherlands(Netherlands)
52%
39,000Sint Maarten(Netherlands)
52%
747,000Guyana
30%
556,368Suriname
30%
347,369Belize
26%

Score Distribution

Percentile by Number Answered

Percent of People with Each Score

Your Score History

You have not taken this quiz